Demutualizacja towarzystw ubezpieczeń wzajemnych

Salvato in:
Dettagli Bibliografici
Autore principale: Rutkowska-Podołowska, Małgorzata
Natura: Capitolo di libro
Lingua:polacco
Tags: Aggiungi Tag
Nessun Tag, puoi essere il primo ad aggiungerne!!

MARC

LEADER 00000naa a2200000 4500
001 0151131
005 20220712133007.4
041 0 |a pol 
044 |a PL 
245 1 0 |a Demutualizacja towarzystw ubezpieczeń wzajemnych  |c Małgorzata Rutkowska-Podołowska 
100 1 |a Rutkowska-Podołowska, Małgorzata